Lone Wolf Terrorism in America: Using Knowledge of Radicalization Pathways to Forge Prevention Strategies

Gespeichert in:  
Bibliographische Detailangaben
VerfasserInnen: Hamm, Mark S. (Verfasst von) ; Spaaij, Ramón 1979- (Verfasst von)
Medienart: Elektronisch Aufsatz
Sprache:Englisch
Veröffentlicht: 2015
In:Enthalten in: Final Summary Overview
Online-Zugang: Volltext (lizenzpflichtig)
Volltext (lizenzpflichtig)
Verfügbarkeit prüfen: HBZ Gateway

MARC

LEADER 00000caa a22000002c 4500
001 1912611619
003 DE-627
005 20250115055012.0
007 cr uuu---uuuuu
008 241217s2015 xx |||||o 00| ||eng c
035 |a (DE-627)1912611619 
035 |a (DE-599)KXP1912611619 
040 |a DE-627  |b ger  |c DE-627  |e rda 
041 |a eng 
084 |a 2,1  |2 ssgn 
100 1 |a Hamm, Mark S.  |e VerfasserIn  |4 aut 
109 |a Hamm, Mark S. 
245 1 0 |a Lone Wolf Terrorism in America: Using Knowledge of Radicalization Pathways to Forge Prevention Strategies 
264 1 |c 2015 
336 |a Text  |b txt  |2 rdacontent 
337 |a Computermedien  |b c  |2 rdamedia 
338 |a Online-Ressource  |b cr  |2 rdacarrier 
700 1 |a Spaaij, Ramón  |d 1979-  |e VerfasserIn  |0 (DE-588)17400687X  |0 (DE-627)698905237  |0 (DE-576)134843304  |4 aut 
773 0 8 |i Enthalten in  |t Final Summary Overview 
787 0 8 |i Forschungsdaten  |a Hamm, Mark  |t Lone Wolf Terrorism in America: Using Knowledge of Radicalization Pathways to Forge Prevention Strategies, 1940-2013  |d [Erscheinungsort nicht ermittelbar] : [Verlag nicht ermittelbar], 2017  |w (DE-627)1840042621 
856 4 0 |u https://www.ncjrs.gov/app/publications/abstract.aspx?id=270795  |x Verlag  |z lizenzpflichtig  |3 Volltext  |7 1 
856 4 0 |u https://www.ncjrs.gov/pdffiles1/nij/grants/248691.pdf  |q application/pdf  |x Verlag  |z lizenzpflichtig  |3 Volltext  |7 1 
935 |a mkri 
951 |a AR 
ELC |a 1 
LOK |0 000 xxxxxcx a22 zn 4500 
LOK |0 001 4637577136 
LOK |0 003 DE-627 
LOK |0 004 1912611619 
LOK |0 005 20241217044651 
LOK |0 008 241217||||||||||||||||ger||||||| 
LOK |0 035   |a (DE-2619)ICPSR137898 
LOK |0 040   |a DE-2619  |c DE-627  |d DE-2619 
LOK |0 092   |o n 
LOK |0 852   |a DE-2619 
LOK |0 852 1  |9 00 
LOK |0 935   |a uvkn  |a nacp 
LOK |0 939   |a 17-12-24  |b l01 
ORI |a SA-MARC-krimdoka001.raw